Kaksi suurinta kaupunkia kahden ensimmäisen kirjaimen mukaan - Statistics

Yleistilastot
  • Tätä visaa on pelattu 645 kertaa
  • Keskiarvotulos 14 / 30
Vastaustilastot
Väkiluku Kaupunki % Oikein
TO 40,8 milj. Tokio
89%
TO 7,55 milj. Toronto
84%
JA 28,9 milj. Jakarta
79%
OS 17,7 milj. Osaka
71%
LO 17,7 milj. Los Angeles
65%
TE 16,2 milj. Teheran
64%
MA 26,7 milj. Manila
62%
DU 6,60 milj. Dubai
61%
PH 7,55 milj. Philadelphia
58%
XI 12,3 milj. Xi'an
58%
DE 33,4 milj. Delhi
55%
LA 21,4 milj. Lagos
52%
OS 1,23 milj. Oslo
50%
LO 14,8 milj. Lontoo
49%
LU 9,00 milj. Luanda
45%
HO 13,5 milj. Hồ Chí Minh
43%
HO 7,30 milj. Hongkong
43%
CH 12,2 milj. Chennai
39%
LA 14,4 milj. Lahore
36%
PH 4,83 milj. Phoenix
36%
XI 14,5 milj. Xiamen
35%
CH 16,6 milj. Chengdu
29%
DE 5,85 milj. Detroit
27%
CA 3,80 milj. Caracas
25%
MA 6,85 milj. Madrid
25%
TE 2,93 milj. Tel Aviv
20%
CA 4,63 milj. Casablanca
16%
JA 4,28 milj. Jaipur
16%
DU 3,58 milj. Durban
15%
LU 4,00 milj. Lucknow
9%
Ehtoja vastaavia visoja ei löytynyt
Tulosjakauma
Jokaisen tuloksen saaneiden osuus
Persentiili vastausten määrän mukaan
Tuloshistoriasi
Et ole pelannut tätä visaa